Phân tích và thẩm định dự án đầu tư
Nội dung bao gồm từ chương 1 đến chương 3 khái quát những kiến thức chung về dự án đầu tư, việc tổ chức soạn thảo dự án đầu tư, khái quát một dự án đầu tư và việc phân tích thẩm định các dự án đầu tư. Từ chương 4 đến chương 9...
Na minha lista:
| Formato: | Livro |
|---|---|
| Idioma: | Undetermined |
| Publicado em: |
Hà Nội
Thống kê
1999
|
| Assuntos: | |
| Tags: |
Adicionar Tag
Sem tags, seja o primeiro a adicionar uma tag!
|
| Thư viện lưu trữ: | Trung tâm Học liệu Trường Đại học Cần Thơ |
|---|
| LEADER | 01225nam a2200193Ia 4500 | ||
|---|---|---|---|
| 001 | CTU_142141 | ||
| 008 | 210402s9999 xx 000 0 und d | ||
| 082 | |a 332.6 | ||
| 082 | |b Ph121 | ||
| 245 | 0 | |a Phân tích và thẩm định dự án đầu tư | |
| 245 | 0 | |c Phước Minh Hiệp (biên soạn) | |
| 260 | |a Hà Nội | ||
| 260 | |b Thống kê | ||
| 260 | |c 1999 | ||
| 520 | |a Nội dung bao gồm từ chương 1 đến chương 3 khái quát những kiến thức chung về dự án đầu tư, việc tổ chức soạn thảo dự án đầu tư, khái quát một dự án đầu tư và việc phân tích thẩm định các dự án đầu tư. Từ chương 4 đến chương 9 lần lượt phân tích và thẩm định dự án đầu tư về phương diện thị trường, về phương diện kỹ thuật, tổ chức quản trị, tài chính, về hiệu quả kinh tế - xã hội và đánh giá môi trường. | ||
| 650 | |a Investments | ||
| 650 | |z Vietnam | ||
| 904 | |i Q. Hieu | ||
| 980 | |a Trung tâm Học liệu Trường Đại học Cần Thơ | ||